00810nam a2200265 450000100060000000300080000600500170001400800410003102000150007202000210008703500190010804000220012704100080014908200240015710000200018124500830020126000410028430000320032550400510035765000310040865000230043965000230046270000160048570000430050172853BD-RjUL20211209082322.0880808s1971 enka b 001 0 eng  a0471020508 a0471020516 (pbk) a(BD-RjUL)73071 aBD-RjULcDLCbeng aeng a547.2223bALM 19711 aAlder, Roger W.10aMechanism in organic chemistry /cRoger W. Alder, Ray Baker and John M. Brown. aLondon :bWiley-Interscience,c1971. ax, 378 p. :bill. ;c24 cm. aIncludes bibliographical references and index. 0aOrganic Chemical reaction  0aChemical reactions 0aChemistry, Organic1 aBaker, Ray.1 aBrown, John M.q(John Michael),d1939-